一枝一葉總關情
| 資料類型: | 圖書 | 書目號: | 33729 |
Leader xxxxxxxxxx 001 __ PCLIS00033729 005 __ 20040220161121.21 010 0_ |a957-|b平裝|dNT$200 020 __ |acw|b82005151 100 __ |a20040220d2004 0chib0109 e 101 0_ |achi 102 __ |acw 105 __ |aa z 000yy 200 1_ |a一枝一葉總關情|e|f藍天著|g 205 __ |a初版 210 __ |a臺中市|c金玉堂|d民85年 215 0_ |a1冊|c圖, 表|d公分 225 1_ |a|v 300 __ |a 681 __ |a537.51|b 700 __ |a藍|b天|4著 702 _1 |a|b|4 801 __ |acw|b本館|c20040220 |